000 00494nam a2200205Ia 4500
001 11896
003 GE_BSU
008 181216s||||||||xx |||||||||||||| ||und||
040 _cGE_BSU
080 _a581.9(479)
100 _aГроссгейм,А.А.
245 _aФлора Кавказа
250 _a2-ое перераб. изд.
260 _aБаку
260 _bАзфан
260 _c1940
300 _a284стр.27см.
653 _aФлора Кавказа
942 _cBK
999 _c45073
_d45073